Responses for show #3954 - Thursday, November 8, 2001

2001 College Championship quarterfinal game 2.
From the campus at UCLA.

Contestants

Marques Redd, a sophomore at Harvard University from Macon, Georgia

Erin Bogart, a junior at Miami University of Ohio from Cincinnati, Ohio

Jayce Newton, a senior at UCLA from Long Beach, California

Jeopardy! Round responses

ARTIFACTS
(Alex: We want you to name the state as we present...)
LICENSE PLATE MOTTOES
COLLEGE FOOTBALL 2000
"FOR"-LETTER WORDS
(Alex: And it came up completely at random...)
UCLA ALUMNI
BREW INNS
    $100 1
(fish) hooks

Jayce
    $100 11
Idaho

Erin
    $100 16
the Pac-10

Jayce
    $100 4
forbidden

Erin
    $100 18
James Dean

Erin
    $100 26
a tea ceremony

Erin
    $200 2
(Marques: What is a quill?)

an inkwell

ErinMarques
    $200 12
Pennsylvania

Marques
    $200 17
the University of Nebraska

Marques
    $200 5
forceps

Marques
    $200 22
Carol Burnett

Jayce
    $200 27
the beagle

Erin
    $300 3
a scabbard

Marques
    $300 13
Illinois

Erin
    $300 19
Oklahoma

Jayce
    $300 6
forage

Marques
    $500 23
(Jayce: Um... what is Utah?)

Alaska

Jayce
    $300 28
coffee

Triple Stumper
    $400 9
(Marques: What is a knife?)
(Jayce: What is a flint?)

ax

JayceMarques
Triple Stumper
    $400 14
New Mexico

Erin
    $400 20
South Carolina

Erin
    $400 7
formaldehyde

Marques
    $400 24
Bill Walton

Jayce
    $400 29
a caldron

Erin
    $500 10
a ducat

Triple Stumper
    $500 15
(Jayce: What is Massachusetts?)
(Marques: What is Virginia?)

Maryland

JayceMarques
Triple Stumper
    $500 21
Michael Vick

Jayce
    $500 8
(Nathan Bedford) Forrest

Marques
    $500 25
(Erin: Who is Aaron Spelling?)

Darren Star

Erin
Triple Stumper
    $500 30
(Marques: What is ginseng?)

ginger

JayceMarques

Scores at the first commercial break (after clue 15):

Jayce Erin Marques
-$800 $1,100 $800

Scores at the end of the Jeopardy! Round:

Jayce Erin Marques
$700 $1,800 $500

Double Jeopardy! Round responses

WORLD CAPITALS
IN THE MEDICINE CHEST
OH, NO! IT'S OPERA!
TOP O' THE CHARTS
U.S. HISTORY
TENNYSON, ANYONE?
    $200 18
(Erin: Oh, shoot.)
(Alex: Say something!)
(Erin: What is [*]?)

Paris

Erin
    $200 23
Vaseline

Erin
    $200 1
Monticello

Marques
    $200 12
Hanson

Erin
    $200 7
Panama

Jayce
    $200 3
spring

Marques
    $400 19
(Marques: What is Tallahassee?)
(Jayce: What is Lisbon?)

Havana

JayceMarques
Triple Stumper
    $400 24
(Alex: Minute to go.)

alcohol

Erin
    $400 2
Don Juan

Jayce
    $400 13
Mariah Carey

Marques
    $400 15
Mexico

Marques
    $400 8
(Jayce: What is Oxford?)

Cambridge

JayceMarques
    $600 20
Khartoum (capital of the Sudan)

Triple Stumper
    $600 25
aspirin

Marques
    $600 4
Amistad

Erin
    $600 14
Enrique Iglesias

Jayce
    $600 28
grapes (or lettuce)

Jayce
    $500 9
"Charge of the Light Brigade"

Marques
    $500 21
(Erin: Um, what is... Brazilia?)

Santiago

Erin
    $800 26
(Marques: What is Oxy?)

Accutane

Marques
Triple Stumper
    $800 5
Wagner

Marques
    $800 16
(Erin: What is "That Boy Is Mine"?)

"The Boy Is Mine"

ErinMarques
    $800 29
MacArthur

Jayce
    $800 10
King Arthur

Erin
    $1000 22
Baku

Triple Stumper
    $1000 27
a styptic stick

Erin
    $1000 6
Madame Butterfly

Erin
    $1000 17
Janet Jackson

Marques
    $1000 30
(Erin: What is the U.S. postal system?)

the Pullman Company

Erin
Triple Stumper
    $1000 11
Wordsworth

Marques

Scores at the end of the Double Jeopardy! Round:

Jayce Erin Marques
$2,500 $3,900 $5,600

Final Jeopardy! Round responses

THE UNIVERSE
[The "Think!" music is played by the UCLA Marching Band.]
JayceWhat is the Moon
$2,500
ErinWhat is the moon?
$500
MarquesWhat is the moon?
$450
the Moon

Final scores:

Jayce Erin Marques
$5,000 $4,400 $6,050
2nd place: $2,500 if eliminated 3rd place: $2,500 if eliminated Automatic semifinalist

Game dynamics:

Coryat scores:

Jayce Erin Marques
$3,000 $4,400 $5,700
12 R,
5 W
(including 1 DD)
18 R,
4 W
(including 1 DD)
18 R
(including 1 DD),
6 W

Combined Coryat: $13,100

The J! Archive is created by fans, for fans. The Jeopardy! game show and all elements thereof, including but not limited to copyright and trademark thereto, are the property of Jeopardy Productions, Inc. and are protected under law. This website is not affiliated with, sponsored by, or operated by Jeopardy Productions, Inc. Join the discussion at JBoard.tv.